Praxis del cine.

Sparad:
Bibliografiska uppgifter
Huvudupphovsman: Burch, Nöel (autor)
Materialtyp: Bok
Språk:spanska
Publicerad: Madrid, España: Fundamentos, 2008.
Upplaga:Novena edición.
Serie:Colección Arte. Serie Cine,
Ämnen:
Taggar: Lägg till en tagg
Inga taggar, Lägg till första taggen!

MARC

LEADER 00000cam a2200000 a 4500
001 UCF6653
003 CL-VaPUC
005 20250407202432.0
008 130509t20080000SP |||||||||||||||||spa|d
999 |c 351792  |d 351790 
020 |a 978-84-245-1014-5 
040 |c Pontificia Universidad Católica de Valparaíso 
082 0 4 |a 791.4301 BUR 2008  |2 21 
100 |a Burch, Nöel   |e autor  |9 896403 
245 1 0 |a Praxis del cine. 
250 |a Novena edición. 
260 |a Madrid, España:  |b Fundamentos,  |c 2008. 
300 |a 188 páginas. 
490 0 |a Colección Arte. Serie Cine,  |n  2. 
500 |a c.2-3: Instituto Arcos. 08-01-2025 
583 |a last modification  |c 20130509 12:56:00  |k Rodrigo Vera 
650 0 |a Cine  |9 225706  |x Montaje, sonido, etc.  |x Estética 
650 0 |a Películas cinematográficas  |9 264961  |x Elementos  |v Filosofía y teoría 
942 |c BK  |2 ddc  |n 0 
945 |d 20130509 00:00:00  |a dcastane 
952 |0 0  |1 0  |4 0  |6 791_430100000000000_BUR_2008  |7 0  |8 A  |9 456124  |a BIBART  |b BIBART  |d 2019-11-22  |i 4973178  |o 791.4301 BUR 2008  |p 4973178  |r 2025-03-13  |w 2019-11-22  |y BK  |k ART 
952 |0 0  |1 0  |2 ddc  |4 0  |6 791_430100000000000_BUR_2008  |7 0  |8 A  |9 601543  |a BIBINC  |b BIBINC  |d 2025-03-19  |e Instituto Arcos  |i 5666270  |o 791.4301 BUR 2008  |p 5666270  |r 2025-03-19  |t 2  |w 2025-03-19  |y BK  |k IFP 
952 |0 0  |1 0  |2 ddc  |4 0  |6 791_430100000000000_BUR_2008  |7 0  |8 A  |9 601546  |a BIBINC  |b BIBINC  |d 2025-03-19  |e Instituto Arcos  |i 5666271  |o 791.4301 BUR 2008  |p 5666271  |r 2025-03-19  |t 3  |w 2025-03-19  |y BK  |k IFP